All 100k+ Cities in Nigeria on a Map - Statistics

General Stats
  • This quiz has been taken 1,396 times
    1,006 since last reset
  • The average score is 19 of 123
Answers on the Map
Answers color-coded by a green-red scale on the quiz's map according to % correct below.
 
Answer Stats
City Population % Correct
Lagos 12,243,111
96%
Abuja 883,662
92%
Kano 5,765,401
86%
Ibadan 4,239,711
76%
Benin City 1,677,486
75%
Port Harcourt 1,649,810
75%
Kaduna 2,280,397
55%
Aba 886,175
49%
Maiduguri 1,489,985
49%
Sokoto 871,056
48%
Jos 1,143,833
47%
Zaria 1,405,123
44%
Oyo 854,489
43%
Enugu 899,932
42%
Ilorin 1,220,249
42%
Onitsha 745,722
41%
Warri 790,606
39%
Katsina 716,390
31%
Uyo 120,618
30%
Abeokuta 964,240
29%
Owerri 262,926
29%
Calabar 716,591
28%
Oshogbo 515,799
27%
Bauchi 599,630
25%
Gombe 435,081
25%
Ife 384,060
25%
Ogbomosho 1,000,339
24%
Owo 371,483
24%
Minna 529,959
22%
Aku 101,491
21%
Akure 565,148
20%
Jimeta 330,508
18%
Ikorodu 435,202
17%
Ondo 345,178
17%
Yola 127,820
17%
Ado Ekiti 365,168
15%
Iwo 258,248
15%
Makurdi 337,985
15%
Damaturu 369,988
13%
Lafia 189,681
13%
Nsukka 152,793
13%
Gusau 376,447
12%
Umuahia 260,736
12%
Abakaliki 263,514
11%
Gboko 225,928
11%
Ise 252,929
11%
Jalingo 160,480
11%
Okene 650,494
11%
Awka 222,861
10%
Bida 311,618
10%
Iseyin 394,878
10%
Mubi 300,602
10%
Asaba 108,186
9%
Birnin Kebbi 169,855
9%
Ilesha 286,612
9%
Bama 157,696
8%
Ede 292,610
8%
Epe 117,615
8%
Funtua 226,734
8%
Ijebu Ode 339,823
8%
Nnewi 257,739
8%
Sagamu 348,571
8%
Azare 200,427
7%
Gashua 181,788
7%
Ikare 245,423
7%
Kontagora 179,259
7%
Ugep 310,698
7%
Biu 126,830
6%
Hadejia 172,033
6%
Nguru 160,386
6%
Sango Otta 282,470
6%
Sapele 238,403
6%
Suleja 294,335
6%
Daura 129,716
5%
Ikot Ekpene 246,741
5%
Ila Orangun 184,698
5%
Kaura Namoda 115,661
5%
Keffi 128,060
5%
Malumfashi 117,177
5%
Numan 103,329
5%
Offa 170,453
5%
Otukpo 185,635
5%
Shaki 206,973
5%
Wukari 126,640
5%
Afikpo 141,200
4%
Effon Alaiye 371,846
4%
Ifo 143,372
4%
Igboho 158,394
4%
Ijebu Igbo 177,477
4%
Ikerre 137,093
4%
Ikire 229,041
4%
Ikom 122,704
4%
Ilobu 121,670
4%
Kafanchan 114,534
4%
Kagoro 110,915
4%
Kishi 180,122
4%
Oron 108,370
4%
Uromi 161,804
4%
Ejigbo 142,573
3%
Gbongan 143,735
3%
Ifon 129,113
3%
Ikirun 157,370
3%
Ilawe Ekiti 243,370
3%
Okrika 191,287
3%
Ughelli 117,935
3%
Buguma 194,352
2%
Gamboru 113,034
2%
Igbo Ora 107,371
2%
Ihiala 110,617
2%
Ijero 223,058
2%
Inisa 169,186
2%
Ishieke 176,815
2%
Nkpor 137,812
2%
Agulu 104,978
1%
Effium 170,830
1%
Obosi 181,491
1%
Ogaminan 114,499
1%
Oka Akoko 104,720
1%
Okigwi 141,181
1%
Okpoko 223,808
1%
Amaigbo 125,358
0%
Ezza Inyimagu 132,449
0%
Modakeke 123,154
0%
No matching quizzes found
Score Distribution
Percent of People with Each Score
Percentile by Number Answered
Your Score History
You have not taken this quiz since the last reset